书目信息 |
| 题名: |
中华人民共和国建筑法
|
|
| 作者: | ;中国法制出版社 编 | |
| 分册: | ||
| 出版信息: | 北京 中国法制出版社 2018 |
|
| 页数: | 223页 | |
| 开本: | 21cm | |
| 丛书名: | ||
| 单 册: | ||
| 中图分类: | D922.297.05 | |
| 科图分类: | ||
| 主题词: | 建筑法--jian zhu fa--中国 | |
| 电子资源: | ||
| ISBN: | 978-7-5093-9663-6 | |
| 000 | 01496nam0 2200265 450 | |
| 001 | 012001007343 | |
| 005 | 20191023154614.17 | |
| 010 | @a978-7-5093-9663-6@dCNY22.00 | |
| 099 | @aCAL 012019001016 | |
| 100 | @a20180912d2018 em y0chiy50 ea | |
| 101 | 0 | @achi |
| 102 | @aCN@b110000 | |
| 105 | @aa z 000yy | |
| 106 | @ar | |
| 200 | 1 | @a中华人民共和国建筑法@Azhong hua ren min gong he guo jian zhu fa@e实用版 |
| 205 | @a第4版 | |
| 210 | @a北京@c中国法制出版社@d2018 | |
| 215 | @a223页@c图@d21cm | |
| 314 | @a责任者取自版权页 | |
| 330 | @a“实用版系列”独具五重使用价值:1、专业出版。中国法制出版社是中央级法律类图书专业出版社,是国家法律、行政法规文本的权 出版机构。2、法律文本规范。法律条文利用了本社法律单行本的资源,与国家法律、行政法规正式版本完全一致,确保条文准确。3、条文解读详致。本书中的理解与适用均是从庞杂的相互关联的法律条文以及全国人大常委会法制工作委员会等对条文的权 解读中精选、提炼而来; 典型案例指引来自 人民法院公报、各高级人民法院判决书等,点出适用要点,展示解决法律问题的实例。4、附录实用。书末收录经提炼的法律流程图、诉讼文书、办案常用数据等内容,帮助提高处理法律纠纷的效率。5、附赠电子版。与本分册主题相关、因篇幅所限而未收录的相关文件、“典型案例指引”所涉及的部分重要案例全文,均制作成电子版文件。扫一扫封底“法律法规全书公众号”即可免费获取。 | |
| 606 | 0 | @a建筑法@Ajian zhu fa@y中国 |
| 690 | @aD922.297.05@v5 | |
| 711 | 02 | @a中国法制出版社@Azhong guo fa zhi chu ban she@4编 |
| 801 | 0 | @aCN@b上海新华@c20191020 |
| 905 | @b1176600-3@dD922.297.05@e2086=4@f4 | |
| 中华人民共和国建筑法:实用版.-第4版.-北京:中国法制出版社,2018 |
| 223页:图;21cm |
| ISBN 978-7-5093-9663-6:CNY22.00 |
| “实用版系列”独具五重使用价值:1、专业出版。中国法制出版社是中央级法律类图书专业出版社,是国家法律、行政法规文本的权 出版机构。2、法律文本规范。法律条文利用了本社法律单行本的资源,与国家法律、行政法规正式版本完全一致,确保条文准确。3、条文解读详致。本书中的理解与适用均是从庞杂的相互关联的法律条文以及全国人大常委会法制工作委员会等对条文的权 解读中精选、提炼而来; 典型案例指引来自 人民法院公报、各高级人民法院判决书等,点出适用要点,展示解决法律问题的实例。4、附录实用。书末收录经提炼的法律流程图、诉讼文书、办案常用数据等内容,帮助提高处理法律纠纷的效率。5、附赠电子版。与本分册主题相关、因篇幅所限而未收录的相关文件、“典型案例指引”所涉及的部分重要案例全文,均制作成电子版文件。扫一扫封底“法律法规全书公众号”即可免费获取。 |
| ● |
| 相关链接 |
|
|
|
|
正题名:中华人民共和国建筑法
索取号:D922.297.05/2086=4
 
预约/预借
| 序号 | 登录号 | 条形码 | 馆藏地/架位号 | 状态 | 备注 |
| 1 | 1176600 | 211766007 | 第一样本阅览室/ [索取号:D922.297.05/2086=4] | 在馆 | |
| 2 | 1176601 | 211766016 | 第一借阅区/ [索取号:D922.297.05/2086=4] | 在馆 | |
| 3 | 1176602 | 211766025 | 第一借阅区/ [索取号:D922.297.05/2086=4] | 在馆 | |
| 4 | 1176603 | 211766034 | 第一借阅区/ [索取号:D922.297.05/2086=4] | 在馆 |